000 00791nam a22002417a 4500
005 20250730103421.0
008 250730b |||||||| |||| 00| 0 eng d
020 _a978-93-67000-44-1 (pbk)
037 _cTB
040 _aCRL
_cCRL
041 _2eng
_aeng
084 _aO111,1(SN1:86) R5
_qCRL
100 _aRajagopal, Govindswamy
_9816907
245 _aBehavioural psychology in sangam poetry
260 _aDelhi, India:
_bPharos Books,
_c2025.
300 _axix, 115p.
365 _c150.00
_dINR
650 _aEnglish Poetry
_9816908
650 _aPsychology
_9816909
650 _aBehavior
_9816910
942 _2CC
_cTB
_hO111,1(SN1:86) R5
_n0
999 _c1434379
_d1434379